Química analítica general, cuantitativa e instrumental
Salvato in:
| Autori principali: | , , |
|---|---|
| Natura: | Libro |
| Lingua: | spagnolo |
| Pubblicazione: |
Madrid
Paraninfo
1990
|
| Edizione: | 6a. ed |
| Soggetti: | |
| Tags: |
Aggiungi Tag
Nessun Tag, puoi essere il primo ad aggiungerne!!
|
MARC
| LEADER | 00000nam a2200000 a 4500 | ||
|---|---|---|---|
| 001 | UCT4392 | ||
| 003 | CL-VaPUC | ||
| 008 | 961112e19900000SP |||||||||||||||||spa|d | ||
| 082 | 0 | 4 | |a 545 |b BER |2 21 |
| 100 | 0 | |a Bermejo Martínez, Francisco |e author |9 373674 | |
| 700 | 0 | |a Bermejo Barrera, María del Pilar |e author |9 373675 | |
| 700 | 0 | |a Bermejo Barrera, Adela |e author |9 373676 | |
| 245 | 1 | 0 | |a Química analítica general, cuantitativa e instrumental |
| 250 | |a 6a. ed | ||
| 300 | |a 2 v | ||
| 942 | |c BK | ||
| 945 | |d 19961112 00:00:00 |a lriquelm | ||
| 260 | |a Madrid |b Paraninfo |c 1990 | ||
| 650 | 0 | |a Química analítica |9 259648 | |
| 650 | 7 | |a POLAROGRAFIA |2 CL-VaPUC |9 360131 | |
| 650 | 0 | |a Análisis cualitativo |9 346076 | |
| 650 | 0 | |a Análisis espectroscópico |9 356865 | |
| 583 | |a last modification |c 19961112 00:00:00 |k Rodrigo Vera | ||
| 999 | |c 253764 |d 253762 | ||
| 952 | |0 0 |1 0 |4 0 |6 545_000000000000000_BER_1990 |7 0 |8 A |9 274833 |a BIBCUR |b BIBCUR |d 2019-11-19 |h v.2 |i 2711737 |o 545 BER 1990 |p 2711737 |r 2025-04-22 |w 2019-11-19 |y BK |k QUI | ||